LEADER 00684naa a2200157 i 4500 001 000000295477 003 CaOOAMICUS 005 20180831172526.0 008 180831n xx u000 u und u 013 $a2772 040 $aSeMil$bita 100 1 $aCitterio, Bernardo .$0(OLS)http://semarc/name/18962 245 10$aSchuster uomo di Dio. 600 14$aSchuster, Alfredo Ildefonso .$0(OLS)http://semarc/subject/2420 773 0 $aMartini, Carlo Maria $tCome fuoco e incenso....$dMilano : Àncora, copyr. 1996.$kCollana di testi spirituali$z88-7610-567-0$w()47949 996 $6245$aSchuster uomo di Dio$9(OLS)http://semarc/title/371537 LEADER 01020nam a2200229 i 4500 001 000000150291 003 CaOOAMICUS 005 20060513000000.0 008 060513s1958 it u000 u ita u 013 $a127629 040 $aSeMil$bita 100 1 $aPorúbcan, Stefan,$c.$0(OLS)http://semarc/name/16797 245 13$aIl Patto nuovo in Is. 40-66 /$cStefan Porúbcan , S.J. 260 $aRoma :$bPontificio Istituto Biblico,$c1958. 300 $aXV, 334 p. ;$c24 cm. 490 0 $aAnalecta Biblica : investigationes scientificae in res biblicas ;$v8 650 4$aBibbia. Antico Testamento. Isaia - Commentari, studi, critica, interpretazioni.$0(OLS)http://semarc/subject/111 830 0$aAnalecta biblica ;$v8.$0(OLS)http://semarc/title/6 850 $aSeMil 852 $aSeMil$W1$xVenegono$y1$m2HA G 8$j102445$B102445$CSeMilBibl$Z2$F111124 $81 996 $6245$aIl Patto nuovo in Is. 40-66$9(OLS)http://semarc/title/219783 996 $6260$aRoma :$bPontificio Istituto Biblico$9(OLS)http://semarc/publisher/30489